Welcome to the Holygrace Academy Library

Please use search bar below to get started

HANDBOOK OF HEATH AND HYGIENE (Record no. 1415)

MARC details
000 -LEADER
fixed length control field 00336nam a22001457a 4500
020 ## - INTERNATIONAL STANDARD BOOK NUMBER
ISBN 8043-2000-01-0308
082 ## - DEWEY DECIMAL CLASSIFICATION NUMBER
Classification number 080
Item number VAS/H
100 ## - MAIN ENTRY--AUTHOR NAME
Personal name VASUDEVAN, P.S
245 ## - TITLE STATEMENT
Title HANDBOOK OF HEATH AND HYGIENE
250 ## - EDITION STATEMENT
Edition statement FIRST EDITION
260 ## - PUBLICATION, DISTRIBUTION, ETC. (IMPRINT)
Place of publication TRICHUR
Name of publisher H & C BOOKS
Year of publication 2008
300 ## - PHYSICAL DESCRIPTION
Number of Pages 96
650 ## - SUBJECT ADDED ENTRY--TOPICAL TERM
Topical Term HEALTHCARE
Geographic subdivision INDIA
942 ## - ADDED ENTRY ELEMENTS (KOHA)
Koha item type Books
Holdings
Withdrawn status Lost status Collection code Home library Current library Shelving location Date acquired Source of acquisition Cost, normal purchase price Full call number Accession Number Koha item type
    Reference Main Library Main Library SHELF-17E-SCIENCE RELATED BOOKS 07/05/2014 purchase 20.00 080 VAS/H 02531 Books